|
|
|
|
| LEADER |
00000nam0a2200000 4500 |
| 001 |
279770 |
| 005 |
20231101235236.0 |
| 035 |
|
|
|a (RuTPU)RU\TPU\book\303075
|
| 035 |
|
|
|a RU\TPU\book\303073
|
| 090 |
|
|
|a 279770
|
| 100 |
|
|
|a 20141223d1981 k y0rusy50 ca
|
| 101 |
0 |
|
|a rus
|
| 102 |
|
|
|a UA
|
| 105 |
|
|
|a a z 001zy
|
| 200 |
1 |
|
|a Вопросы прикладной геохимии и петрофизики
|e сборник научных трудов
|f Киевский государственный университет им. Т. Г. Шевченко ; отв. ред. М. И. Толстой
|
| 210 |
|
|
|a Киев
|c Вища школа
|d 1981
|
| 215 |
|
|
|a 132 с.
|c ил.
|
| 305 |
|
|
|a Основан в 1974 г.
|
| 320 |
|
|
|a Библиография в конце статей
|
| 606 |
1 |
|
|a Геохимия прикладная
|2 stltpush
|3 (RuTPU)RU\TPU\subj\6303
|9 34226
|
| 606 |
1 |
|
|a Петрофизика
|2 stltpush
|3 (RuTPU)RU\TPU\subj\48713
|9 67559
|
| 610 |
1 |
|
|a геохимические исследования
|
| 610 |
1 |
|
|a карбонатиты
|
| 610 |
1 |
|
|a поиск
|
| 610 |
1 |
|
|a гранитоиды
|
| 610 |
1 |
|
|a свинец
|
| 610 |
1 |
|
|a изотопы
|
| 610 |
1 |
|
|a петрофизические исследования
|
| 610 |
1 |
|
|a Крым
|
| 610 |
1 |
|
|a сейсмичность
|
| 610 |
1 |
|
|a горные породы
|
| 610 |
1 |
|
|a теплопроводность
|
| 610 |
1 |
|
|a вулканизм
|
| 610 |
1 |
|
|a Карпаты
|
| 610 |
1 |
|
|a апатиты
|
| 610 |
1 |
|
|a кристаллографическая симметрия
|
| 610 |
1 |
|
|a Атлантический океан
|
| 610 |
1 |
|
|a Индийский океан
|
| 675 |
|
|
|a 550.84
|v 3
|
| 675 |
|
|
|a 552.1
|v 3
|
| 702 |
|
1 |
|a Толстой
|b М. И.
|4 340
|
| 712 |
0 |
2 |
|a Киевский государственный университет им. Т. Г. Шевченко
|2 stltpush
|3 (RuTPU)RU\TPU\col\12766
|9 25523
|
| 801 |
|
1 |
|a RU
|b 63413507
|c 20141223
|
| 801 |
|
2 |
|a RU
|b 63413507
|c 20210301
|g RCR
|
| 942 |
|
|
|c BK
|